000 00358nam a2200145Ia 4500
008 191206s9999 xx 000 0 und d
020 _a393048500
090 _aPR6058.O47
245 0 _aBasil Street blues
250 _a1st American ed.
260 _aW.W. Norton
260 _cc2000
300 _a"xiv, 306 p. : ill. ; 25 cm."
999 _c15528
_d15528